The 20 Smallest Countries In Europe - Statistics

General Stats
  • This quiz has been taken 102 times
    75 since last reset
  • The average score is 16 of 20
Answer Stats
Area Country % Correct
0.44 km² Vatican City
93%
61 km² San Marino
89%
2,586 km² Luxembourg
87%
468 km² Andorra
85%
316 km² Malta
85%
2 km² Monaco
85%
10,887 km² Kosovo
84%
160 km² Liechtenstein
80%
20,273 km² Slovenia
79%
30,528 km² Belgium
77%
45,227 km² Estonia
77%
41,850 km² Netherlands
77%
41,284 km² Switzerland
77%
43,094 km² Denmark
75%
13,812 km² Montenegro
75%
49,037 km² Slovakia
75%
33,846 km² Moldova
74%
28,748 km² Albania
69%
9,251 km² Cyprus
64%
25,713 km² North Macedonia
57%
No matching quizzes found
Score Distribution
Percent of People with Each Score
Percentile by Number Answered
Your Score History
You have not taken this quiz since the last reset